| 000 | 00531nam a22001817a 4500 | ||
|---|---|---|---|
| 003 | NUST - PNEC | ||
| 005 | 20170116181204.0 | ||
| 008 | 150421b xxu||||| |||| 00| 0 eng d | ||
| 022 | _a23039973 | ||
| 040 | _cLIBRARY | ||
| 082 | _a355.95491 KHU | ||
| 100 |
_92814 _aKhushnud Iqbal |
||
| 245 |
_aPakistan Army Green Book 2013 _cBrigadier Khushnud Iqbal, SI(M) |
||
| 260 |
_aRawalpindi: _bGeneral Headquarters, |
||
| 300 |
_a252 p. : _c28 cm. |
||
| 650 |
_92816 _aNational security and others issues _xGeneral |
||
| 942 |
_2ddc _cBK |
||
| 999 |
_c71574 _d71574 |
||